Регионална библиотека "Любен Каравелов" - Русе

Невинна кръв (Запис номер 154436)

MARC детайли
000 -Лидер
Контролно поле с фиксирана дължина 01804nam a2200397 c 4500
003 - Код на организацията, давaща контролен номер
Контролно поле BLK
005 - Дата и час на последна редакция
Контролно поле 20250801121322.0
008 - Елементи от данни с фиксирана дължина
fixed length control field 180410b bul|||||r ||||||| ||bul||
010 ## - Наследен системен номер
LC control number KNG00161060000
020 ## - Международен стандартен номер на книга ISBN
Международен стандартен номер на книга ISBN 978-954-655-480-2
-- издат.: Бард
040 ## - Източник на каталожния запис
Идентификатор на билиотеката - собственик на записа BLK
041 ## - Код за език
Код за езика на текст/звукозапис или на отделно заглавие Български
Код за езика КДБФ Български
072 #7 - Код за тематичната категория
Код организация bullib
Код за тематична категория Н83
Текст Чужда художествена литература Н
080 ## - УДК
Текстов определител УДК Американска литература (на САЩ)
УДК код - определител по УДК 821.111(73)
УДК определител -312.4
УДК - код + определител 821.111(73)-312.4
100 1# - Редна дума - Автор
Автор Ролинс, Джеймс
Авторска отговорност първи автор
Автор - информация (биография) Чайковски, Джим
R(LIN) 116829
139 ## - Редно поле
Редна дума Ролинс, Джеймс и др.
Авторски знак Роле - Р 82
245 10 - Сведения за заглавието
Заглавие Невинна кръв
Подзаглавни данни Орденът на сангвинистите : Роман
Редно поле (дума) Джеймс Ролинс; съавт. Ребека Кантрел; прев. Венцислав Божидаров Божилов.
257 ## - Страна на издаване
Страна на създаване/издаване Съединени американски щати
260 ## - Област на издателските данни
-- София
Име на издателя, разпространителя и проч. Бард
Година на издаване 2014
Печатница Хасково : Полиграфюг
300 ## - Физическа характеристика
Страници 528 с.
Размери/Мащаб 20 см
380 ## - Жанр
Жанр Худож. лит.
490 1# - СЕРИИ (Колекции)
Име на серия Кралете на трилъра
490 1# - СЕРИИ (Колекции)
-- Подсерия
Име на серия Орденът на сангвинистите
№: серия Кн. 2
500 ## - Общи забележки
Забележка Ориг. загл. Innocent Blood / James Rollins, Rebecca Cantrell.
653 ## - Ключова дума – ненормативна
Ключова дума трилъри
653 ## - Ключова дума – ненормативна
Ключова дума романи
659 ## - Тематичен бюлетин
Тематичен бюлетин Н
700 1# - Други автори (авторска отговорност)
Лично име Кантрел, Ребека
Автороска отговорност (Описва отношението между автора и произведението) съавт.
9 (RLIN) 76069
700 ## - Други автори (авторска отговорност)
Лично име Божилов, Венцислав Божидаров
Звания и думи, свързани с автора Теодосиев, Стефан, 1968- (псевдоним)
Дати, свързани с автора 1968-
9 (RLIN) 367877
852 ## - Местоположение
Форматна сигнатура Цб 259540
856 4# - Електронен адрес и достъп
Електронен формат pdf - файл
Път до файла /url/
856 4# - Електронен адрес и достъп
Електронен формат pdf - файл
Път до файла /url/
942 ## - АРТИКУЛИ
Вид на библиотечния материал Книги
Скрит в OPAC Не
Koha issues (borrowed), all copies 63
944 ## - СЪЗДАВАНЕ И РЕДАКЦИЯ на ЗАПИСА
Създаване/Редакция Създаване
Дата на регистрацията/редакция 22.05.2014
Статус, дата на статуса Цветелина Шанова
Служител, извършил регистрацията/редакцията 30531
944 ## - СЪЗДАВАНЕ И РЕДАКЦИЯ на ЗАПИСА
Създаване/Редакция Редакция
Дата на регистрацията/редакция 09.09.2015
Статус, дата на статуса ф /
Служител, извършил регистрацията/редакцията Виолета_Тройчева
999 ## - СИСТЕМНИ КОНТРОЛНИ НОМЕРА
Koha biblionumber 154436
Koha biblioitemnumber 154436
Наличности
Код за отписване Код за изгубен артикул Източник на класификационната схема Код за повреда Коз за рестрикции Код за отдаване Артикулен № Име на библиотеката - собственик Име на библиотеката, в която се намира в момента Статус (Текущо местоположение) Дата на вписване в системата Местоположение - отдел Цена в лева Инвентарен номер Систематично азбучна сигнатура Баркод Номер на екземпляра Цена в евро Служебна бележка Служебен тип на артикула
Изтеглен Не е изгубен Universal Decimal Classification Не е повреден без рестрикции заемане за дома 258860 Регионална библиотека "Любен Каравелов" Русе Регионална библиотека "Любен Каравелов" Русе Дубликат 2014-05-23 Заемна - подръчен фонд 12.47 120000777586 П 820(73)-31/Р 82 120000777586 1 6.38 Дост: Pk Вид: Ф N: 316 Дата: 21.05.2014 Дата инв: 13.02.2018 Бележки инв: П2018 Книги
  Не е изгубен Universal Decimal Classification Не е повреден без рестрикции заемане за дома 258861 Регионална библиотека "Любен Каравелов" Русе Регионална библиотека "Любен Каравелов" Русе Дубликат 2014-05-23 Заемна - подръчен фонд 12.48 120000777587 П 820(73)-31/Р 82 120000777587 2 6.38 Дост: Pk Вид: Ф N: 316 Дата: 21.05.2014 Дата инв: 13.02.2018 Бележки инв: П2018 Книги
  Не е изгубен Universal Decimal Classification Не е повреден без рестрикции заемане за дома 258862 Регионална библиотека "Любен Каравелов" Русе Регионална библиотека "Любен Каравелов" Русе Дубликат 2014-06-12 Заемна - подръчен фонд 15.99 120000778057 П 820(73)-31/Р 82 120000778057 3 8.18 Дост: Pk Вид: Ф N: 400 Дата: 09.06.2014 Книги
  Не е изгубен   Не е повреден без рестрикции заемане за дома 258863 Регионална библиотека "Любен Каравелов" Русе Регионална библиотека "Любен Каравелов" Русе Заемна - подръчен фонд 2014-06-12 Заемна - подръчен фонд 15.99 120000778058 П 820(73)-31/Р 82 120000778058 4 8.18 Дост: Pk Вид: Ф N: 400 Дата: 09.06.2014 Дата инв: 13.02.2018 Бележки инв: П2018 Книги
  Не е изгубен Universal Decimal Classification Не е повреден без рестрикции заемане за дома 258864 Регионална библиотека "Любен Каравелов" Русе Регионална библиотека "Любен Каравелов" Русе Заемна - подръчен фонд 2015-08-25 Заемна - подръчен фонд 15.99 120000791357 П 820(73)-31/Р 82 120000791357 5 8.18 Дост: DA Вид: А N: 16 Дата: 25.08.2015 Дата инв: 13.02.2018 Бележки инв: П2018 Книги
Vip Innovations Ltd, Rousse, Bulgaria 2025